British Speedway Team Champions - Statistics

General Stats
  • This quiz has been taken 6 times
  • The average score is 14 of 21
Answer Stats
Answer % Correct
Belle Vue Aces
100%
Oxford Cheetahs
100%
Poole Pirates
100%
Coventry Bees
80%
Peterborough Panthers
80%
Sheffield Tigers
80%
Swindon Robins
80%
Wimbledon Dons
80%
Wolverhampton Wolves
80%
Eastbourne Eagles
60%
Exeter Falcons
60%
Halifax Dukes
60%
Ipswich Witches
60%
New Cross Rangers
60%
Reading Racers
60%
Wembley Lions
60%
West Ham Hammers
60%
White City Rebels
60%
Bradford Dukes
40%
Cradley Heath Heathens
20%
Southampton Saints
20%
No matching quizzes found
Score Distribution
Percent of People with Each Score
Percentile by Number Answered
Your Score History
You have not taken this quiz